| 000 | 00374nam a22001577a 4500 | ||
|---|---|---|---|
| 082 |
_aH1 _bNAG/T |
||
| 100 | _aNagarajan S | ||
| 245 |
_aTenali Ram: _bdakshin ka birbal/ _cby Nagarajan S |
||
| 250 | _a1st ed. | ||
| 260 |
_aChennai: _bChenna Books, _c2004. |
||
| 300 | _a104p. | ||
| 650 | _aPoetry Hindi | ||
| 650 | _aLiterature Hindi | ||
| 650 | _aLiterature | ||
| 942 | _cBK | ||
| 999 |
_c60631 _d60631 |
||